000 00488nam a2200169Ia 4500
999 _c20393
_d20393
003 OSt
005 20200701095851.0
008 190216s9999||||xx |||||||||||||| ||und||
020 _a0136539246
040 _coclc
082 _a909
_bBEE/P
100 _aBeers, Burton F
_93373
245 0 _aPatterns Of Civilization /
_cBurton F Beers
260 _bPrentice Hall Of Canada Pvt Ltd,
_c1985.
_aOntario:
300 _a210p
942 _cBK
_2ddc
_h909
_iBEE/P
_k909
_mBEE/P